Statistiques concernant Des enjeux économiques

Cliquez ici pour prendre le quiz!

Statistiques générales

  • Ce quiz a été pris 20 fois
  • Le résultat moyen est 5 sur 7

Statistiques - réponses

HintRéponse% Correct
La crise financière est arrivée en quelle année2008
80%
En 2015, quel pourcentage des exportations internationales du Québec sont destinées au marché américain?70%
80%
Nommez une destination des exportations internationals du Québec.États-Uni, Chine, France, Royaume Uni, Méxique
80%
Est ce que le gouvernement du Québec appuie la signature des traités de libre-échangeoui
80%
Quand les frontières commerciales disparaissent, qu'est ce qui favorise la mobilisation?Les médias sociaux
60%
Pourquoi les négociations de la ZLEA sont finalement abandonnées ?À cause des manifestations et de l’opposition grandissante de l’opinion publique.
40%
Quel traité remplace ALENA?La zone de libre-échange des Amériques (ZLEA)
40%

Distribution des résultats

Percentile par nombre de réponses

% des personnes avec chaque résultat

Votre développement - résultats

Vous n’avez pas pris ce quiz